000 01269nam a22003494i 4500
999 _c64481
_d64481
001 768714001
003 CO-MdFUSB
005 20180904093316.0
008 180808t1969 sp ||||| |||| 00| 0 spa d
040 _aCO-MdFUSB
_bspa
_cCO-MdFUSB
_dCO-MdFUSBC
_erda
041 _aspa
082 _223
_a223.107
_bST897
100 _aStrange, Marcian
_eautor
240 _aThe Old Testament Reading Guide : Job and Qoheleth
245 _aJob y Eclesiastes
_c/ Marcian Strange ; traductor Antonio Diego
246 _aJob y Qohelet
264 1 _aEspaña :
_bSalterrae,
_c℗[1969].
264 4 _c©1969.
300 _a104 páginas
_c; 17 cm
336 _2rdacontent
_atexto
_btxt
337 _2rdamedia
_asin mediación
_bn
338 _2rdacarrier
_avolumen
_bnc
490 1 _aConoce la biblia : Antiguo Testamento.
505 _tEl libro de Job.
_aIntroducción -- Texto y comentario
505 _tEl libro de Eclesiastés.
_aIntroducción -- Texto y comentario -- Pasajes que se leen en el Breviario -- Temas para repaso y discusión -- abreviaturas
563 _aTapa rústica
630 0 7 _aBiblia.
_pJob
630 0 7 _aBiblia.
_pEclesiastes
700 _aDiego, Antonio
_etraductor
830 _aConoce la biblia : Antiguo Testamento
_vNo. 27
942 _cBK